Oxford Textbook of Endocrinology & Diabetes / (Record no. 595569)
[ view plain ]
| 000 -LEADER | |
|---|---|
| fixed length control field | 00372nam a22001337a 4500 |
| 020 ## - INTERNATIONAL STANDARD BOOK NUMBER | |
| International Standard Book Number | 9780198870197 |
| 040 ## - CATALOGING SOURCE | |
| Transcribing agency | DLC |
| 082 ## - DEWEY DECIMAL CLASSIFICATION NUMBER | |
| Classification number | 616.12 |
| Author Mark | WAS |
| 245 ## - TITLE STATEMENT | |
| Title | Oxford Textbook of Endocrinology & Diabetes / |
| Statement of responsibility, etc. | Edited by John Wass [...et al] |
| 250 ## - EDITION STATEMENT | |
| Edition statement | 3rd |
| 260 ## - PUBLICATION, DISTRIBUTION, ETC. | |
| Place of publication, distribution, etc. | U.K : |
| Name of publisher, distributor, etc. | Oxford University Press, |
| Date of publication, distribution, etc. | 2022. |
| 300 ## - PHYSICAL DESCRIPTION | |
| Extent | 3 volume set; |
| Other physical details | ill, |
| Dimensions | 28 cm. |
| 942 ## - ADDED ENTRY ELEMENTS (KOHA) | |
| Source of classification or shelving scheme | |
| Koha item type | Book |
| Withdrawn status | Lost status | Source of classification or shelving scheme | Damaged status | Not for loan | Permanent Location | Current Location | Shelving location | Date acquired | Source of acquisition | Cost, normal purchase price | Serial Enumeration / chronology | Full call number | Barcode | Date last seen | Copy number | Cost, replacement price | Price effective from | Koha item type |
|---|---|---|---|---|---|---|---|---|---|---|---|---|---|---|---|---|---|---|
| NUST School of Health Sciences (NSHS) | NUST School of Health Sciences (NSHS) | General Stacks | 08/16/2023 | Prince Books, Rawalpindi | 17250.00 | Vol-1 | 616.12 WAS | NSHS-1766 | 08/16/2023 | vol.1 , c.1 | 34500.00 | 08/16/2023 | Book | |||||
| NUST School of Health Sciences (NSHS) | NUST School of Health Sciences (NSHS) | General Stacks | 08/16/2023 | Prince Books, Rawalpindi | 17250.00 | Vol-2 | 616.12 WAS | NSHS-1767 | 08/16/2023 | vol.2 , c.2 | 34500.00 | 08/16/2023 | Book | |||||
| NUST School of Health Sciences (NSHS) | NUST School of Health Sciences (NSHS) | General Stacks | 08/16/2023 | Prince Books, Rawalpindi | 17250.00 | Vol-3 | 616.12 WAS | NSHS-1768 | 08/16/2023 | vol.3 , c.3 | 34500.00 | 08/16/2023 | Book |
